Loading...
| Auditory Arts | 5 | 10.00 | 100% | 0% | 0% |
| Beliefs | 6 | 10.00 | 83% | 17% | 0% |
| Current Events | 1 | 10.00 | 100% | 0% | 0% |
| Fine Arts - Other Arts | 5 | 14.00 | 100% | 40% | 0% |
| Geography | 1 | 10.00 | 100% | 0% | 0% |
| History - American | 5 | 14.00 | 100% | 40% | 0% |
| History - Ancient | 2 | 20.00 | 100% | 100% | 0% |
| History - European | 5 | 12.00 | 100% | 20% | 0% |
| History - World | 6 | 15.00 | 100% | 33% | 17% |
| Literature - American | 6 | 18.33 | 100% | 67% | 17% |
| Literature - British | 4 | 15.00 | 100% | 50% | 0% |
| Literature - European | 5 | 24.00 | 100% | 100% | 40% |
| Literature - World | 5 | 18.00 | 100% | 60% | 20% |
| Other Academic | 1 | 10.00 | 100% | 0% | 0% |
| Philosophy | 2 | 20.00 | 100% | 100% | 0% |
| Science - Biology | 4 | 15.00 | 100% | 50% | 0% |
| Science - Chemistry | 2 | 10.00 | 100% | 0% | 0% |
| Science - Other | 4 | 10.00 | 75% | 25% | 0% |
| Science - Physics | 3 | 13.33 | 100% | 33% | 0% |
| Social Science | 9 | 12.22 | 78% | 44% | 0% |
| Visual Arts | 5 | 14.00 | 100% | 40% | 0% |